A definition and typology of plantation agriculture. Part 1 (Record no. 53330)

MARC details
000 -LEADER
fixed length control field 00327nam a2200121Ia 4500
100 ## - MAIN ENTRY--AUTHOR NAME
Personal name Goldthorpe C C
245 #2 - TITLE STATEMENT
Title A definition and typology of plantation agriculture. Part 1
260 ## - PUBLICATION, DISTRIBUTION, ETC. (IMPRINT)
Name of publisher Planter
Year of publication 1989
300 ## - PHYSICAL DESCRIPTION
Number of Pages 180-188
650 ## - SUBJECT ADDED ENTRY--TOPICAL TERM
Topical Term Plantation agriculture
942 ## - ADDED ENTRY ELEMENTS (KOHA)
Koha item type Journals
Holdings
Withdrawn status Lost status Damaged status Not for loan Home library Current library Shelving location Date acquired Serial Enumeration / chronology Koha item type
      Journals RRII Library RRII Library Soils and agonomy 17/12/2021 Volume 65, Issue Journals